000 00259nam a22001217a 4500
008 180222b xxu||||| |||| 00| 0 eng d
041 _aeng
080 _a94
100 _a16
101 _ahis
245 _apeoples and cultures
_crogers.a
942 _2udc
_cBK
999 _c43162
_d43162